• 首页
  • 本馆介绍
  • 公告通知
  • 最新文献
  • 馆藏检索
  • 电子资源
  • 读者导购
  • 参考咨询
  • 我的图书馆
  • 登录
  • 详细信息显示
  • 放入我的书架
  • 预约/预借图书
  • 作者相关作品
  • 分类相关作品
  • 丛书相关作品
  • 出版社相关作品

书目信息

  • 表格格式
  • 工作单格式
  • 卡片格式
题名:
结构力学
    
 
作者: ;大连工学院 , 天津大学 编
分册: 上册  
出版信息: 北京   人民教育出版社  1980.8
页数: 319页
开本: 26cm
丛书名:
单 册:
中图分类: O342
科图分类:
主题词: 固体力学
电子资源:
ISBN:
000 00609nam0 2200217 45
001 0405180909
005 20040518095033.4
010    @dCNY1.70
091    @a15012.0241
100    @a20040518d1980 km y0chiy0120 ea
101 0  @achi
105    @a z 000yy
200 1  @a结构力学@h上册@AJie Gou Li Xue@f大连工学院,天津大学编@FDa Lian Gong Xue Yuan,Tian Jin Da Xue Bian
210    @a北京@c人民教育出版社@d1980.8
215    @a319页@d26cm@c图表
606 0  @a固体力学
690    @aO342@v3
711 02 @a大连工学院@4编
711 02 @a天津大学@4编
801    @aCN@bPftUser@c20040518
905    @dO342@e12:1@f1@b50265
    
    结构力学.上册/大连工学院,天津大学编.-北京:人民教育出版社,1980.8
    319页;26cm:图表
    
    
    ISBN :CNY1.70
    
●
相关链接 在E读中查询图书 在五车中查询图书 在当当中查询图书 在豆瓣中查询图书


正题名:结构力学     索取号:O342/12:1         预约/预借

序号 登录号 条形码 馆藏地/架位号 状态 备注
1 0050265   000384925   第三借阅区/ [索取号:O342/12:1] 在馆    
唐山师范学院图书馆 欢迎您!
大连网信软件有限公司© 版权所有